Studies on the history of the Hungarian trade-union movement /

Bibliographic Details
Other Authors: Kabos, E., Zsilak, András
Format: Book
Language:English
Published: Budapest : Akademiai Kiado, 1977.
Subjects:

MARC

Tag First Indicator Second Indicator Subfields
LEADER 00000cam a2200000 a 4500
001 in00000098665
005 20150924085931.0
008 781215s1977 hu b 00000 engm
010 |a  78384592  
015 |a H*** 
020 |a 9630512408 
035 |a (OCoLC)04568991 
035 |9 AAK9773AM 
040 |a DLC  |c DLC  |d TXA  |d UtOrBLW 
041 1 |a eng  |h hun 
043 |a e-hu--- 
049 |a TXAM  |c [952494] 
050 0 0 |a HD6680.5  |b  S7813 
082 0 |a 331.88/09439 
245 0 0 |a Studies on the history of the Hungarian trade-union movement /  |c  edited by E. Kabos, A. Zsilak ; [translated from the Hungarian by Alex Bandy]. 
264 1 |a Budapest :  |b Akademiai Kiado,  |c 1977. 
300 |a 307 pages ;  |c 25 cm. 
336 |a text  |b txt  |2 rdacontent 
337 |a unmediated  |b n  |2 rdamedia 
338 |a volume  |b nc  |2 rdacarrier 
504 |a Bibliography: pages 303-306. 
650 0 |a Labor unions  |z Hungary  |x History. 
700 1 |a Kabos, E. 
700 1 |a Zsilak, András. 
999 |a MARS 
999 f f |s 665bfde5-d52e-3a19-9ad1-a2dac9ac38f7  |i 583a7246-7ded-3142-a141-c53a9a3807bd  |t 0 
952 f f |p ric  |a Texas A&M University  |b Rellis Campus  |c Joint Library Facility  |d Remote Storage  |t 0  |e HD6680.5 S7813  |h Library of Congress classification  |i unmediated -- volume  |m A14806033618 
998 f f |a HD6680.5 S7813  |t 0  |l Remote Storage